Catalog

Record Details

Catalog Search



Mighty pup power! / by Hollis James ; illustrated ... Read More

James, Hollis,(author.).
Petrossi, Fabrizio,(illustrator.). Sullivan, Steve (Steven),(contributor.).

Available copies

  • 0 of 1 copy available at LARL/NWRL Consortium.
  • 0 of 1 copy available at Northwest Regional Library. (Show preferred library)

Current holds

0 current holds with 1 total copy.

Show Only Available Copies
Location Call Number / Copy Notes Barcode Shelving Location Status Due Date
Red Lake Falls Public Library e JAM (Text) 35500006895898 Main In transit -

Record details

  • ISBN: 9780525577720
  • ISBN: 0525577726
  • Physical Description: 1 volume (unpaged) : color illustrations ; 21 cm.
  • Publisher: New York : Golden Books, [2018]

Content descriptions

General Note:
Based on the teleplay "Mighty pups" by Andy Guerdat and Steve Sullivan.
Summary, etc.:
After the PAW patrol gets mighty powers from a ... Read More
Subject: PAW Patrol (Fictitious characters) > Juvenile fiction.
Dogs > Juvenile fiction.
Superheroes > Juvenile fiction.
Meteorites > Juvenile fiction.
Dogs > Fiction.
Meteorites > Fiction.
Superheroes > Fiction.
JUVENILE FICTION / Action & Adventure.
JUVENILE FICTION / Animals / Dogs.
JUVENILE FICTION / Media Tie-In.
Dogs.
Meteorites.
PAW Patrol (Fictitious characters)
Superheroes.
Genre: Picture books for children.
Picture books.
Animal fiction.
Fiction.
Juvenile works.
Novelizations.
Superhero fiction.
Animal fiction.
Superhero fiction.
Novelizations.
LDR 03415cam a2200805 i 4500
001474019
003LARL_NWRL_CONSORTIUM
00520251029141738.0
008190214t20182018nyua j 000 1 eng d
010 . ‡a 2018410541
040 . ‡aCPL ‡beng ‡erda ‡cDLC ‡dBDX ‡dIGA ‡dOCLCF ‡dZQP ‡dJCW ‡dCLE ‡dYDX ‡dIUO ‡dTNH ‡dLMJ ‡dCPL ‡dOCLCO ‡dJTH ‡dOCLCO ‡dINR ‡dOCLCA ‡dIG#
019 . ‡a1081399546 ‡a1298306086 ‡a1398188287
020 . ‡a9780525577720 ‡q(hardcover)
020 . ‡a0525577726 ‡q(hardcover)
035 . ‡a(OCoLC)1081316697 ‡z(OCoLC)1081399546 ‡z(OCoLC)1298306086 ‡z(OCoLC)1398188287
042 . ‡alccopycat
08200. ‡a[E] ‡223
1001 . ‡aJames, Hollis, ‡eauthor.
24510. ‡aMighty pup power! / ‡cby Hollis James ; illustrated by Fabrizio Petrossi.
2461 . ‡iAt head of title: ‡aNickelodeon Paw patrol
264 1. ‡aNew York : ‡bGolden Books, ‡c[2018]
264 4. ‡c©2018
300 . ‡a1 volume (unpaged) : ‡bcolor illustrations ; ‡c21 cm.
336 . ‡atext ‡btxt ‡2rdacontent
337 . ‡aunmediated ‡bn ‡2rdamedia
338 . ‡avolume ‡bnc ‡2rdacarrier
4900 . ‡aPAW patrol
4900 . ‡aLittle golden book
500 . ‡aBased on the teleplay "Mighty pups" by Andy Guerdat and Steve Sullivan.
520 . ‡aAfter the PAW patrol gets mighty powers from a mysterious meteorite that lands in Adventure Bay, Mayor Humdinger and his nephew try to steal the meteorite and take over the city.
650 0. ‡aPAW Patrol (Fictitious characters) ‡vJuvenile fiction.
650 0. ‡aDogs ‡vJuvenile fiction. ‡0(LARL_NWRL_CONSORTIUM)164650
650 0. ‡aSuperheroes ‡vJuvenile fiction.
650 0. ‡aMeteorites ‡vJuvenile fiction.
650 1. ‡aDogs ‡vFiction. ‡0(LARL_NWRL_CONSORTIUM)164539
650 1. ‡aMeteorites ‡vFiction.
650 1. ‡aSuperheroes ‡vFiction.
650 7. ‡aJUVENILE FICTION / Action & Adventure. ‡2bisacsh
650 7. ‡aJUVENILE FICTION / Animals / Dogs. ‡2bisacsh
650 7. ‡aJUVENILE FICTION / Media Tie-In. ‡2bisacsh
650 7. ‡aDogs. ‡2fast ‡0(LARL_NWRL_CONSORTIUM)18684
650 7. ‡aMeteorites. ‡2fast ‡0(LARL_NWRL_CONSORTIUM)25597
650 7. ‡aPAW Patrol (Fictitious characters) ‡2fast
650 7. ‡aSuperheroes. ‡2fast ‡0(LARL_NWRL_CONSORTIUM)177502
655 0. ‡aPicture books for children.
655 7. ‡aPicture books. ‡2fast
655 7. ‡aAnimal fiction. ‡2fast
655 7. ‡aFiction. ‡2fast
655 7. ‡aJuvenile works. ‡2fast
655 7. ‡aNovelizations. ‡2fast
655 7. ‡aSuperhero fiction. ‡2fast
655 7. ‡aAnimal fiction. ‡2lcgft
655 7. ‡aSuperhero fiction. ‡2lcgft
655 7. ‡aNovelizations. ‡2lcgft
7001 . ‡aPetrossi, Fabrizio, ‡eillustrator.
7001 . ‡aSullivan, Steve ‡q(Steven), ‡econtributor.
901 . ‡a474019 ‡bAUTOGEN ‡c474019 ‡tbiblio

Additional Resources